[Event "Seattle Classic op"]
[Site "Seattle"]
[Date "2017.08.20"]
[Round "8"]
[White "Su, Michael"]
[Black "Anand Jr, Vignesh"]
[Result "1-0"]
[WhiteElo "1802"]
[BlackElo "1709"]
[PlyCount "50"]
[EventDate "2017.08.16"]
[EventType "swiss"]
[EventRounds "9"]
[EventCountry "USA"]
[SourceTitle "EXT 2023"]
[Source "ChessBase"]
[SourceDate "2022.10.05"]
[SourceVersion "1"]
[SourceVersionDate "2022.10.05"]
[SourceQuality "1"]

1. d4 Nf6 2. c4 g6 3. f3 d5 4. cxd5 Nxd5 5. e4 Nb6 6. Nc3 Bg7 7. Be3 0-0 8. Qd2 Nc6 9. 0-0-0 f5 10. e5 Nd5 11. Nxd5 Qxd5 12. b3 b5 13. Ne2 Qf7 14. g3 a5 15. f4 a4 16. Qc3 Be6 17. Qxc6 Bd5 18. e6 Bxe6 19. d5 Ra6 20. Qxa6 Bxd5 21. Qxb5 Bxh1 22. Nd4 e6 23. Bc4 Bxd4 24. Bxd4 axb3 25. Rxh1 Rd8 1-0

[Event "Seattle Classic op"]
[Site "Seattle"]
[Date "2017.08.17"]
[Round "3"]
[White "Su, Michael"]
[Black "Duleba, Krzysztof"]
[Result "1-0"]
[WhiteElo "1802"]
[BlackElo "1691"]
[PlyCount "99"]
[EventDate "2017.08.16"]
[EventType "swiss"]
[EventRounds "9"]
[EventCountry "USA"]
[SourceTitle "EXT 2023"]
[Source "ChessBase"]
[SourceDate "2022.10.05"]
[SourceVersion "1"]
[SourceVersionDate "2022.10.05"]
[SourceQuality "1"]

1. e4 c5 2. d3 Nc6 3. f4 g6 4. Nf3 Bg7 5. Be2 d6 6. 0-0 e5 7. c3 Nge7 8. Qe1 0-0 9. Qh4 d5 10. fxe5 Nxe5 11. Nxe5 Bxe5 12. Bh6 Bg7 13. Bg5 f6 14. Rxf6 Bxf6 15. Bxf6 Rf7 16. Nd2 Qf8 17. Rf1 Nf5 18. exf5 Rxf6 19. fxg6 Rxf1+ 20. Nxf1 hxg6 21. Qg5 Qf7 22. Qd8+ Kg7 23. Bf3 Qd7 24. Qg5 b6 25. Ng3 Kh7 26. Bxd5 Bb7 27. Ne4 Kg7 28. Qe5+ Kh6 29. Qf4+ Kg7 30. Qf6+ Kh6 31. Qg5+ Kg7 32. Nf6 Qc7 33. Nh5+ Kh7 34. Nf4 Bxd5 35. Qxg6+ Kh8 36. Nxd5 Qg7 37. Qh5+ Qh7 38. Qe5+ Qg7 39. Qe4 Rf8 40. Ne7 Rf6 41. Nf5 Qg5 42. g4 Qc1+ 43. Kg2 Qxb2+ 44. Kh3 Qxa2 45. g5 Re6 46. Qa8+ Kh7 47. Qb7+ Kg6 48. Nh4+ Kh5 49. Qh7+ Kxg5 50. Qg7+ 1-0

[Event "White Rock Semiahmoo op"]
[Site "White Rock"]
[Date "2017.08.05"]
[Round "2.5"]
[White "Doknjas, John"]
[Black "Su, Michael"]
[Result "1-0"]
[WhiteElo "2278"]
[BlackElo "1984"]
[PlyCount "43"]
[EventDate "2017.08.05"]
[EventType "swiss"]
[EventRounds "6"]
[EventCountry "CAN"]
[SourceTitle "EXT 2022"]
[Source "ChessBase"]
[SourceDate "2021.10.06"]
[SourceVersion "1"]
[SourceVersionDate "2021.10.06"]
[SourceQuality "1"]

1. d4 e6 2. c4 f5 3. g3 Nf6 4. Bg2 Be7 5. Nh3 0-0 6. 0-0 d6 7. b3 e5 8. Bb2 exd4 9. Qxd4 Nc6 10. Qc3 Ne8 11. Nf4 Bf6 12. Qd2 Bxb2 13. Qxb2 Nf6 14. Nc3 Bd7 15. b4 Qc8 16. Rac1 a5 17. b5 Ne5 18. c5 Kh8 19. Ncd5 Nxd5 20. Nxd5 c6 21. cxd6 Nf7 22. Nb6 1-0

[Event "Victoria-Vancouver m"]
[Site "Victoria"]
[Date "2017.01.15"]
[Round "5.1"]
[White "Gansvind, Valeriya I"]
[Black "Su, Michael"]
[Result "1-0"]
[WhiteElo "2251"]
[BlackElo "1940"]
[PlyCount "82"]
[EventDate "2017.01.13"]
[EventType "team-match"]
[EventRounds "5"]
[EventCountry "CAN"]
[SourceTitle "EXT 2022"]
[Source "ChessBase"]
[SourceDate "2021.10.06"]
[SourceVersion "1"]
[SourceVersionDate "2021.10.06"]
[SourceQuality "1"]
[WhiteTeam "Victoria"]
[BlackTeam "Vancouver"]
[WhiteTeamCountry "CAN"]
[BlackTeamCountry "CAN"]

1. d4 e6 2. Nf3 f5 3. g3 Nf6 4. Bg2 d5 5. c4 c6 6. Qc2 Bd6 7. 0-0 0-0 8. Ne1 Nbd7 9. Nd3 e5 10. dxe5 Nxe5 11. Nxe5 Bxe5 12. Nd2 Bc7 13. Nf3 Be6 14. Nd4 Qd7 15. c5 Be5 16. e3 b6 17. cxb6 Bxd4 18. exd4 axb6 19. Be3 Rac8 20. b4 Ne4 21. Rfd1 Qe7 22. a3 g5 23. f3 Nd6 24. Qc1 h6 25. Re1 Qf6 26. Bf2 Nc4 27. a4 Ra8 28. f4 b5 29. a5 Bc8 30. Ra2 Bd7 31. Bf1 Rfe8 32. Rae2 Rxe2 33. Rxe2 Kf7 34. Re1 g4 35. Bd3 Be6 36. Re2 h5 37. Qc2 Ra7 38. Re5 Nxe5 39. dxe5 Qe7 40. Bxf5 Ra6 41. Bg6+ Kf8 1-0

[Event "Victoria-Vancouver m"]
[Site "Victoria"]
[Date "2017.01.14"]
[Round "3.3"]
[White "Su, Michael"]
[Black "Moore, Harry"]
[Result "0-1"]
[WhiteElo "1940"]
[BlackElo "2196"]
[PlyCount "70"]
[EventDate "2017.01.13"]
[EventType "team-match"]
[EventRounds "5"]
[EventCountry "CAN"]
[SourceTitle "EXT 2022"]
[Source "ChessBase"]
[SourceDate "2021.10.06"]
[SourceVersion "1"]
[SourceVersionDate "2021.10.06"]
[SourceQuality "1"]
[WhiteTeam "Vancouver"]
[BlackTeam "Victoria"]
[WhiteTeamCountry "CAN"]
[BlackTeamCountry "CAN"]

1. d4 Nf6 2. c4 Nc6 3. Nc3 e6 4. e4 Bb4 5. f3 e5 6. Nge2 exd4 7. Nxd4 0-0 8. Be3 Re8 9. Qd2 d6 10. a3 Ba5 11. Be2 Ne5 12. 0-0 c6 13. b4 Bc7 14. Rfd1 Qe7 15. h3 Ng6 16. Nc2 Nh5 17. f4 Ng3 18. Bd3 f5 19. c5 dxc5 20. e5 cxb4 21. axb4 Be6 22. Kh2 Nh5 23. Nd4 Qf7 24. Nxe6 Qxe6 25. g3 Nxe5 26. fxe5 Qxe5 27. Bf4 Nxf4 28. gxf4 Qxf4+ 29. Qxf4 Bxf4+ 30. Kg2 Be5 31. Ra3 Bxc3 32. Rxc3 Rad8 33. Ra1 Rf8 34. Rxa7 Rf6 35. Raa3 g6 0-1

[Event "British Columbia-ch U20"]
[Site "Richmond"]
[Date "2016.11.12"]
[Round "3.2"]
[White "Su, Michael"]
[Black "Doknjas, Joshua"]
[Result "0-1"]
[WhiteElo "1972"]
[BlackElo "2236"]
[PlyCount "110"]
[EventDate "2016.11.11"]
[EventType "swiss"]
[EventRounds "5"]
[EventCountry "CAN"]
[SourceTitle "EXT 2022"]
[Source "ChessBase"]
[SourceDate "2021.10.06"]
[SourceVersion "1"]
[SourceVersionDate "2021.10.06"]
[SourceQuality "1"]

1. d4 d5 2. Nf3 Nf6 3. e3 c5 4. b3 cxd4 5. exd4 g6 6. Bd3 Bg7 7. 0-0 Nc6 8. Bb2 0-0 9. Nbd2 Nh5 10. Ne5 Nf4 11. Bb5 Qb6 12. Bxc6 bxc6 13. Ba3 Re8 14. Bc5 Qc7 15. Re1 Ne6 16. b4 Nxc5 17. bxc5 f6 18. Nd3 e5 19. c3 Bf5 20. Nc1 Bh6 21. Ncb3 Be6 22. Nf3 e4 23. Nfd2 f5 24. Nf1 f4 25. Qc2 Qd7 26. Nbd2 Bg4 27. c4 e3 28. fxe3 fxe3 29. Nb3 e2 30. Ng3 Be3+ 31. Kh1 Bf2 32. Nxe2 Bxe1 33. Rxe1 Qf7 34. Kg1 Rf8 35. Ng3 dxc4 36. Na5 Rae8 37. Rf1 Qd5 38. Qxc4 Rxf1+ 39. Nxf1 Qxc4 40. Nxc4 Re2 41. Ne5 Be6 42. Ng3 Rd2 43. Nxc6 Bd7 44. Nxa7 Rxd4 45. c6 Be6 46. c7 Rc4 47. Nb5 Bd7 48. Nd6 Rxc7 49. Nge4 Kg7 50. a3 Ra7 51. Nc4 Be6 52. Ned6 Ra6 53. Kf2 Rc6 54. Ne8+ Kf8 55. Ncd6 Ke7 0-1

[Event "Canadian op U2000"]
[Site "Windsor"]
[Date "2016.07.14"]
[Round "5.29"]
[White "Su, Michael"]
[Black "Glew, Richard"]
[Result "1-0"]
[WhiteElo "1881"]
[BlackElo "1806"]
[PlyCount "99"]
[EventDate "2016.07.10"]
[EventType "swiss"]
[EventRounds "9"]
[EventCountry "CAN"]
[SourceTitle "EXT 2022"]
[Source "ChessBase"]
[SourceDate "2021.10.06"]
[SourceVersion "1"]
[SourceVersionDate "2021.10.06"]
[SourceQuality "1"]

1. d4 Nf6 2. c4 g6 3. Nf3 Bg7 4. Nc3 d5 5. e3 Bg4 6. Qb3 Bxf3 7. gxf3 dxc4 8. Bxc4 0-0 9. Qxb7 Nbd7 10. Qc6 Nb6 11. Bd2 Nxc4 12. Qxc4 Rb8 13. b3 Qd7 14. Rc1 Rfd8 15. Na4 Nd5 16. Nc5 Qh3 17. f4 Qf3 18. Rg1 Nb6 19. Qe2 Qh3 20. Qf1 Qh5 21. Qg2 Qf5 22. Qe4 Qxe4 23. Nxe4 Nd5 24. Nc5 Rb6 25. Ke2 f6 26. Ba5 Rc6 27. Nb7 Rxc1 28. Rxc1 Rb8 29. Nc5 e5 30. fxe5 fxe5 31. Ne6 Bf6 32. Rc5 Re8 33. dxe5 Bxe5 34. Nxc7 Nxc7 35. Bxc7 Rc8 36. Bd6 Rxc5 37. Bxc5 Bxh2 38. Bxa7 Bd6 39. f4 Kf7 40. Kf3 Ke6 41. e4 Be7 42. Bf2 h5 43. Be1 Ba3 44. Bh4 Bb4 45. Ke3 Bc3 46. Kd3 Bb4 47. Kd4 Bd2 48. Bg5 h4 49. f5+ gxf5 50. Bxd2 1-0

[Event "Canadian op U2000"]
[Site "Windsor"]
[Date "2016.07.11"]
[Round "2.32"]
[White "Su, Michael"]
[Black "Mathews, Jeremy"]
[Result "1/2-1/2"]
[WhiteElo "1881"]
[BlackElo "1743"]
[PlyCount "88"]
[EventDate "2016.07.10"]
[EventType "swiss"]
[EventRounds "9"]
[EventCountry "CAN"]
[SourceTitle "EXT 2022"]
[Source "ChessBase"]
[SourceDate "2021.10.06"]
[SourceVersion "1"]
[SourceVersionDate "2021.10.06"]
[SourceQuality "1"]

1. d4 Nf6 2. c4 Nc6 3. Nc3 e5 4. d5 Ne7 5. e4 Ng6 6. Be3 Bb4 7. f3 d6 8. Qd2 0-0 9. Nge2 Nd7 10. a3 Bc5 11. b4 Bxe3 12. Qxe3 a5 13. Rb1 Nb6 14. Nc1 Nf4 15. Qd2 axb4 16. axb4 f5 17. g3 Ng6 18. c5 Na4 19. Ra1 Bd7 20. Nxa4 Bxa4 21. exf5 Rxf5 22. Rxa4 Rxa4 23. Qc2 Ra1 24. Qxf5 Rxc1+ 25. Kd2 Ra1 26. Qe6+ Kh8 27. Ke2 Qa8 28. Kf2 dxc5 29. bxc5 Qa2+ 30. Be2 Nf8 31. Rxa1 Qxa1 32. Qf7 Qd4+ 33. Kg2 Qxc5 34. Bc4 Qd6 35. Qe8 Kg8 36. Qb5 b6 37. Qb3 Nd7 38. Qa4 Kf7 39. Bb5 Ke7 40. Bc6 Nb8 41. Qh4+ Qf6 42. Qxh7 Nxc6 43. dxc6 Kd6 44. Qe4 Kc5 1/2-1/2

[Event "Philadelphia int op 10th"]
[Site "Philadelphia"]
[Date "2016.07.09"]
[Round "8"]
[White "Su, Michael"]
[Black "Odeh, Kenneth"]
[Result "0-1"]
[WhiteElo "1644"]
[BlackElo "2032"]
[PlyCount "120"]
[EventDate "2016.07.05"]
[EventType "swiss"]
[EventRounds "9"]
[EventCountry "USA"]
[SourceTitle "CBM 173 Extra"]
[Source "ChessBase"]
[SourceDate "2016.08.29"]
[SourceVersion "1"]
[SourceVersionDate "2016.08.29"]
[SourceQuality "1"]

1. d4 Nf6 2. c4 g6 3. g3 c6 4. Nf3 Bg7 5. Bg2 d5 6. b3 0-0 7. 0-0 dxc4 8. bxc4 c5 9. Bb2 cxd4 10. Nxd4 Na6 11. Nd2 Nd7 12. Qc2 Ndc5 13. N4b3 Bf5 14. Qc1 e5 15. Nxc5 Nxc5 16. Ba3 Rc8 17. Nb3 b6 18. Bxc5 bxc5 19. Qa3 Qc7 20. Rad1 Be6 21. Bd5 Bh3 22. Bg2 Bg4 23. Rfe1 Rfd8 24. Rxd8+ Rxd8 25. Bd5 Bf8 26. f3 Bh3 27. Qb2 Bh6 28. Kf2 Bc8 29. Qa3 Bf8 30. e4 h5 31. Qa5 Qe7 32. Kg2 Rd7 33. Qb5 Rc7 34. Na5 Bd7 35. Qb2 Kh7 36. Nb3 h4 37. Qd2 Bh6 38. Qf2 h3+ 39. Kg1 f5 40. Qe2 f4 41. g4 Rc8 42. Qf2 Bf8 43. Rc1 Qg5 44. Kh1 Be7 45. Rf1 Qf6 46. Qb2 Rb8 47. Qa3 Qb6 48. Rd1 Be8 49. Rc1 Kg7 50. Rf1 Qc7 51. Rc1 Bd7 52. Rf1 Rb4 53. Qb2 a5 54. Qc2 Qb6 55. Rb1 Ba4 56. Qc3 Bd6 57. Kg1 Bxb3 58. Rxb3 a4 59. Ra3 Rb2 60. Rxa4 Rg2+ 0-1

[Event "Vancouver Intermat"]
[Site "Vancouver"]
[Date "2016.05.14"]
[Round "1.18"]
[White "Su, Michael"]
[Black "Ramasamy, Vikram"]
[Result "1/2-1/2"]
[WhiteElo "1891"]
[BlackElo "2082"]
[PlyCount "70"]
[EventDate "2016.05.14"]
[EventType "swiss"]
[EventRounds "2"]
[EventCountry "CAN"]
[SourceTitle "EXT 2022"]
[Source "ChessBase"]
[SourceDate "2021.10.06"]
[SourceVersion "1"]
[SourceVersionDate "2021.10.06"]
[SourceQuality "1"]

1. d4 Nf6 2. c4 c5 3. d5 b5 4. cxb5 a6 5. bxa6 g6 6. g3 Bxa6 7. Bg2 d6 8. Nf3 Bg7 9. 0-0 Nbd7 10. Nc3 Nb6 11. Re1 0-0 12. e4 Nfd7 13. Bd2 Nc4 14. Rb1 Qa5 15. Qc2 Rfb8 16. Bf1 Nde5 17. Nxe5 Nxe5 18. Kg2 Bxf1+ 19. Rxf1 Nc4 20. Rfc1 Rb7 21. Be1 Bxc3 22. Bxc3 Qxa2 23. Ra1 Qxa1 24. Rxa1 Rxa1 25. b3 Na3 26. Qb2 Rb1 27. Qxa3 R1xb3 28. Qa5 Rb8 29. Bd2 f6 30. Qc7 R3b7 31. Qc6 Kf7 32. Ba5 Ra7 33. Bd2 Rab7 34. Ba5 Ra7 35. Bd2 Rab7 1/2-1/2

[Event "Vancouver Intermat"]
[Site "Vancouver"]
[Date "2016.05.14"]
[Round "2.18"]
[White "Zhang, Derek"]
[Black "Su, Michael"]
[Result "1/2-1/2"]
[WhiteElo "2176"]
[BlackElo "1891"]
[PlyCount "77"]
[EventDate "2016.05.14"]
[EventType "swiss"]
[EventRounds "2"]
[EventCountry "CAN"]
[SourceTitle "EXT 2022"]
[Source "ChessBase"]
[SourceDate "2021.10.06"]
[SourceVersion "1"]
[SourceVersionDate "2021.10.06"]
[SourceQuality "1"]

1. e4 e6 2. d4 d5 3. Nd2 Nf6 4. e5 Nfd7 5. Bd3 c5 6. c3 Nc6 7. Ne2 cxd4 8. cxd4 f6 9. exf6 Nxf6 10. Nf3 Bd6 11. 0-0 Qc7 12. Nc3 a6 13. Bg5 0-0 14. a3 Bd7 15. Bc2 Be8 16. Re1 Nd8 17. Qb1 Bh5 18. Ne5 h6 19. Bh4 Bxe5 20. dxe5 Nd7 21. Bg3 Nc6 22. Ne2 Bxe2 23. Rxe2 Nd4 24. Rd2 Nxc2 25. Rxc2 Qd8 26. Qd1 Nb8 27. Qg4 Qd7 28. Bf4 Kh7 29. Be3 Nc6 30. f4 Rac8 31. Re1 Rfe8 32. b4 Ne7 33. Bc5 Nf5 34. Qh3 d4 35. Qd3 Kh8 36. Rc4 Red8 37. Rf1 Qd5 38. Rcc1 Ne3 39. Rf3 1/2-1/2

[Event "CAN-ch U14"]
[Site "Windsor"]
[Date "2015.07.09"]
[Round "6.31"]
[White "Su, Michael"]
[Black "Ladhani, Qalib"]
[Result "1-0"]
[WhiteElo "1792"]
[BlackElo "1139"]
[PlyCount "67"]
[EventDate "2015.07.06"]
[EventType "swiss"]
[EventRounds "7"]
[EventCountry "CAN"]
[SourceTitle "EXT 2022"]
[Source "ChessBase"]
[SourceDate "2021.10.06"]
[SourceVersion "1"]
[SourceVersionDate "2021.10.06"]
[SourceQuality "1"]

1. d4 d5 2. Nf3 e6 3. e3 a6 4. Bd3 c5 5. b3 Nc6 6. Bb2 Qb6 7. dxc5 Qxc5 8. 0-0 f6 9. Ba3 Qa7 10. Bxf8 Kxf8 11. Nbd2 e5 12. e4 d4 13. Ne1 b5 14. f4 Qc5 15. fxe5 Nxe5 16. h3 Bd7 17. Ndf3 Re8 18. Nxe5 Rxe5 19. Nf3 Rh5 20. Qe2 Rh6 21. Qf2 Ne7 22. Qxd4 Qc8 23. e5 Bxh3 24. gxh3 Rxh3 25. exf6 gxf6 26. Qxf6+ Kg8 27. Ne5 Rh1+ 28. Kf2 Rh2+ 29. Kg1 Rh1+ 30. Kf2 Qc5+ 31. Ke2 Rh2+ 32. Kd1 Rd2+ 33. Kxd2 Qb4+ 34. Kd1 1-0

[Event "CAN-ch U14"]
[Site "Windsor"]
[Date "2015.07.07"]
[Round "2.24"]
[White "Su, Michael"]
[Black "Doknjas, Joshua"]
[Result "0-1"]
[WhiteElo "1792"]
[BlackElo "2082"]
[PlyCount "84"]
[EventDate "2015.07.06"]
[EventType "swiss"]
[EventRounds "7"]
[EventCountry "CAN"]
[SourceTitle "EXT 2022"]
[Source "ChessBase"]
[SourceDate "2021.10.06"]
[SourceVersion "1"]
[SourceVersionDate "2021.10.06"]
[SourceQuality "1"]

1. d4 d5 2. c4 c6 3. cxd5 cxd5 4. Nf3 Nc6 5. Bf4 Nf6 6. h3 Qb6 7. b3 Bf5 8. Nc3 e6 9. a3 Ne4 10. Na4 Qa5+ 11. b4 Bxb4+ 12. axb4 Nxb4 13. Nd2 Nc3 14. Nxc3 Nc2+ 15. Qxc2 Qxa1+ 16. Qd1 Qxc3 17. Qa4+ Ke7 18. f3 Rhc8 19. e4 dxe4 20. fxe4 Bxe4 21. Kf2 Bc6 22. Qb3 Qxd4+ 23. Be3 Qh4+ 24. Kg1 Kf8 25. Kh2 Qf6 26. Be2 Qe5+ 27. Kg1 Kg8 28. Kf2 Bd5 29. Qb4 a5 30. Qg4 Qf6+ 31. Nf3 e5 32. Bg5 Qe6 33. Qxe6 Bxe6 34. Rb1 Rc2 35. Ke3 f6 36. Bh4 a4 37. Be1 a3 38. Ra1 a2 39. g4 Ra3+ 40. Kf2 Rb2 41. Nd2 e4 42. Kf1 b5 0-1

[Event "British Columbia op"]
[Site "Richmond"]
[Date "2014.02.09"]
[Round "3.7"]
[White "Chan, James"]
[Black "Su, Michael"]
[Result "1-0"]
[WhiteElo "2119"]
[BlackElo "1860"]
[PlyCount "49"]
[EventDate "2014.02.08"]
[EventType "swiss"]
[EventRounds "6"]
[EventCountry "CAN"]
[SourceTitle "EXT 2022"]
[Source "ChessBase"]
[SourceDate "2021.10.06"]
[SourceVersion "1"]
[SourceVersionDate "2021.10.06"]
[SourceQuality "1"]

1. e4 e6 2. d4 d5 3. e5 c5 4. c3 Nc6 5. Nf3 Qb6 6. a3 c4 7. Be2 Bd7 8. 0-0 Nge7 9. Nbd2 Ng6 10. g3 f6 11. exf6 gxf6 12. Rb1 Qc7 13. b3 cxb3 14. c4 dxc4 15. Bxc4 0-0-0 16. Qe2 Re8 17. Nxb3 Bd6 18. Bh6 Bxa3 19. Ra1 Bf8 20. Bxf8 Nxf8 21. Rfc1 Kb8 22. Qa2 a6 23. Nc5 Kc8 24. Nxb7 Kxb7 25. Qxa6+ 1-0

[Event "British Columbia-ch U20"]
[Site "Vancouver"]
[Date "2013.11.09"]
[Round "3"]
[White "Su, Michael"]
[Black "Low, Ethan"]
[Result "1-0"]
[WhiteElo "1852"]
[BlackElo "1494"]
[PlyCount "99"]
[EventDate "2013.11.08"]
[EventType "swiss"]
[EventRounds "5"]
[EventCountry "CAN"]
[SourceTitle "EXT 2015"]
[Source "ChessBase"]
[SourceDate "2014.11.20"]
[SourceVersion "1"]
[SourceVersionDate "2014.11.20"]
[SourceQuality "1"]

1. d4 d6 2. e4 Nf6 3. Nc3 Nbd7 4. Nf3 e5 5. Bg5 Be7 6. Bc4 0-0 7. 0-0 c6 8. a4 Re8 9. Re1 Qc7 10. a5 Nf8 11. Bxf6 Bxf6 12. Ne2 Ng6 13. c3 Be6 14. d5 Bd7 15. b4 Be7 16. Qb3 Rf8 17. a6 b5 18. Bd3 f5 19. dxc6+ Kh8 20. cxd7 fxe4 21. Bxe4 Rad8 22. Bxg6 hxg6 23. Qe6 Bf6 24. Qg4 Kh7 25. Nh4 Bxh4 26. Qxh4+ Kg8 27. Qe4 Rf6 28. Qd5+ Kh8 29. Qxb5 Rxd7 30. Qd3 Rdf7 31. Rf1 Qb6 32. Qe3 Qc6 33. Ng3 Rf4 34. f3 Rc4 35. Rfc1 Rc7 36. Ne2 Kh7 37. Rd1 Re7 38. Qd3 Rd7 39. Qd5 Qb6+ 40. Kf1 Qe3 41. Qxc4 Qb6 42. Rd5 Qd8 43. Rad1 Qf6 44. Qd3 Qh4 45. Kg1 Qf6 46. Rxd6 Rxd6 47. Qxd6 Qf7 48. Qxe5 Kh6 49. Qf4+ Qxf4 50. Nxf4 1-0

[Event "British Columbia-ch U20"]
[Site "Vancouver"]
[Date "2013.11.08"]
[Round "1"]
[White "Su, Michael"]
[Black "Sohal, Tanraj"]
[Result "0-1"]
[WhiteElo "1852"]
[BlackElo "2334"]
[PlyCount "144"]
[EventDate "2013.11.08"]
[EventType "swiss"]
[EventRounds "5"]
[EventCountry "CAN"]
[SourceTitle "EXT 2015"]
[Source "ChessBase"]
[SourceDate "2014.11.20"]
[SourceVersion "1"]
[SourceVersionDate "2014.11.20"]
[SourceQuality "1"]

1. d4 d5 2. Nf3 Nf6 3. e3 Bf5 4. c4 e6 5. Qb3 Qc8 6. Nc3 c6 7. Nh4 Bg6 8. Nxg6 hxg6 9. g3 Nbd7 10. Bg2 Be7 11. 0-0 Rb8 12. e4 dxe4 13. Bf4 Ra8 14. Nxe4 Nxe4 15. Bxe4 e5 16. dxe5 Nc5 17. Qf3 Qh3 18. Bxc6+ Kf8 19. Qg2 bxc6 20. Qxh3 Rxh3 21. Kg2 Rh8 22. Rad1 Ke8 23. b4 Ne6 24. Bd2 Kd7 25. Bg5+ Ke8 26. Bd2 Rd8 27. Bc3 g5 28. Rxd8+ Bxd8 29. Rd1 Bc7 30. b5 cxb5 31. cxb5 g4 32. Bd4 Nxd4 33. Rxd4 Bxe5 34. Rxg4 Kd7 35. Ra4 Bb8 36. Rg4 g6 37. a4 Rc8 38. Rb4 Bd6 39. Rb3 Rc2 40. b6 axb6 41. Rxb6 Ra2 42. h4 Rxa4 43. Kh3 Ra2 44. f4 Ra3 45. Kg4 Ke7 46. Rc6 Rd3 47. Rc4 Kf6 48. Ra4 Bc5 49. Ra2 Kg7 50. Rc2 Bd6 51. Rf2 Kh6 52. Rf1 Bc5 53. f5 Bd6 54. fxg6 Rxg3+ 55. Kf5 fxg6+ 56. Ke6 Bc7 57. Rh1 Rf3 58. Kd5 Bg3 59. Rh3 Kh5 60. Rh1 Bxh4 61. Ke4 Rf8 62. Ke3 g5 63. Ke4 Kg4 64. Ke3 Bg3 65. Ke4 Re8+ 66. Kd3 Kf3 67. Rh5 Rd8+ 68. Kc2 g4 69. Rf5+ Bf4 70. Rf7 g3 71. Rg7 g2 72. Rg6 Kf2 0-1

[Event "CAN-ch U12"]
[Site "Ottawa"]
[Date "2013.07.12"]
[Round "6"]
[White "Li, William"]
[Black "Su, Michael"]
[Result "0-1"]
[WhiteElo "1408"]
[BlackElo "1770"]
[PlyCount "78"]
[EventDate "2013.07.10"]
[EventType "swiss"]
[EventRounds "6"]
[EventCountry "CAN"]
[SourceTitle "EXT 2022"]
[Source "ChessBase"]
[SourceDate "2021.10.06"]
[SourceVersion "1"]
[SourceVersionDate "2021.10.06"]
[SourceQuality "1"]

1. e4 e6 2. d4 d5 3. Nc3 Nf6 4. Bg5 Be7 5. e5 Nfd7 6. h4 h6 7. Bxe7 Qxe7 8. Bd3 a6 9. Nce2 Qb4+ 10. c3 Qxb2 11. a4 Qb6 12. a5 Qa7 13. Nf4 c5 14. Nf3 Nc6 15. Bc2 b5 16. Nh2 cxd4 17. Qg4 Ndxe5 18. Qxg7 Rf8 19. Qxh6 dxc3 20. Nd3 Nd4 21. Nb4 Nxc2+ 22. Nxc2 Nd3+ 23. Ke2 Nxf2 24. Rhf1 Ne4 25. Rf3 Qc5 26. Qe3 Qxe3+ 27. Rxe3 Rh8 28. Nf3 Rb8 29. Rb1 f6 30. g4 Kf7 31. Nb4 Bb7 32. Rh1 Ng3+ 33. Kf2 Nxh1+ 34. Kg2 d4 35. Rd3 e5 36. Rd1 Rxh4 37. Nc2 Rxg4+ 38. Kxh1 Bxf3+ 39. Kh2 Rh8# 0-1

[Event "CAN-ch U12"]
[Site "Ottawa"]
[Date "2013.07.11"]
[Round "3"]
[White "Chen, Richard"]
[Black "Su, Michael"]
[Result "1-0"]
[WhiteElo "1916"]
[BlackElo "1770"]
[PlyCount "55"]
[EventDate "2013.07.10"]
[EventType "swiss"]
[EventRounds "6"]
[EventCountry "CAN"]
[SourceTitle "EXT 2022"]
[Source "ChessBase"]
[SourceDate "2021.10.06"]
[SourceVersion "1"]
[SourceVersionDate "2021.10.06"]
[SourceQuality "1"]

1. e4 e6 2. d3 d5 3. Nd2 c5 4. Ngf3 Nc6 5. g3 g6 6. Bg2 Bg7 7. 0-0 Nge7 8. Re1 b6 9. c3 0-0 10. e5 Qc7 11. Qe2 g5 12. h3 Ng6 13. Nxg5 Qxe5 14. Nde4 dxe4 15. Bxe4 Bb7 16. Bf4 Nxf4 17. gxf4 Qf6 18. Bxh7+ Kh8 19. Qh5 Bh6 20. Be4 Nd8 21. Kh1 Bxe4+ 22. Rxe4 Qg7 23. Qh4 f6 24. Rg1 fxg5 25. fxg5 Nf7 26. gxh6 Qxh6 27. Rg6 Qh7 28. Qf6+ 1-0

[Event "Britsh Columbia-ch U20"]
[Site "Vancouver"]
[Date "2012.12.02"]
[Round "5.6"]
[White "Su, Michael"]
[Black "Foote, Joanne"]
[Result "1/2-1/2"]
[WhiteElo "1682"]
[BlackElo "1725"]
[PlyCount "71"]
[EventDate "2012.12.01"]
[EventType "swiss"]
[EventRounds "5"]
[EventCountry "CAN"]
[SourceTitle "EXT 2022"]
[Source "ChessBase"]
[SourceDate "2021.10.06"]
[SourceVersion "1"]
[SourceVersionDate "2021.10.06"]
[SourceQuality "1"]

1. d4 d5 2. Nf3 e6 3. e3 Nf6 4. Bd3 Be7 5. b3 0-0 6. Bb2 c6 7. 0-0 Re8 8. Nbd2 Nbd7 9. Ne5 Nxe5 10. dxe5 Nd7 11. f4 f6 12. Qh5 Nf8 13. exf6 Bxf6 14. Bxf6 gxf6 15. Rf3 Re7 16. Rg3+ Rg7 17. Rf1 Rxg3 18. hxg3 Qc7 19. Nf3 Bd7 20. g4 Be8 21. Qh2 Bg6 22. Qg3 Bxd3 23. cxd3 Ng6 24. g5 f5 25. Qh3 Rf8 26. g4 fxg4 27. Qxg4 Qf7 28. Qg2 Qf5 29. d4 Rc8 30. b4 Qf8 31. a3 Qf5 32. Rd1 Qe4 33. Qf2 Rf8 34. Kh2 Qf5 35. Kg1 Kg7 36. Kf1 1/2-1/2

[Event "CAN-ch U10"]
[Site "Vancouver"]
[Date "2012.07.03"]
[Round "2"]
[White "Ghodsi, Soroush"]
[Black "Su, Michael"]
[Result "0-1"]
[WhiteElo "960"]
[BlackElo "1468"]
[PlyCount "98"]
[EventDate "2012.07.03"]
[EventType "swiss"]
[EventRounds "7"]
[EventCountry "CAN"]
[SourceTitle "EXT 2022"]
[Source "ChessBase"]
[SourceDate "2021.10.06"]
[SourceVersion "1"]
[SourceVersionDate "2021.10.06"]
[SourceQuality "1"]

1. d4 e6 2. e4 d5 3. e5 c5 4. c3 Nc6 5. f4 cxd4 6. cxd4 f5 7. Bb5 Bd7 8. Nc3 Nge7 9. Nf3 Nc8 10. 0-0 Nb6 11. b3 a5 12. Bb2 Nb4 13. Ng5 Qe7 14. Bxd7+ Qxd7 15. Qh5+ g6 16. Qh4 Nc2 17. Rac1 Nxd4 18. Rfd1 Nc6 19. Qf2 Ra6 20. a3 h6 21. Qh4 Rg8 22. Nf3 Qe7 23. Qxe7+ Bxe7 24. Nb5 Kd7 25. Bc3 Na7 26. Nfd4 Nxb5 27. Nxb5 Rc8 28. Rd2 Bc5+ 29. Kf1 Be3 30. Rdc2 Bxc1 31. Rxc1 a4 32. b4 Nc4 33. Kf2 Rb6 34. Nd4 Nxa3 35. Ke2 Nb5 36. Nxb5 Rxb5 37. Kd2 d4 38. Bxd4 Rxc1 39. Kxc1 Rxb4 40. Bc3 Rc4 41. Kc2 a3 42. Kb3 Rxc3+ 43. Kxc3 b5 44. Kb3 Kc6 45. h3 h5 46. h4 Kc5 47. Ka2 Kc4 48. Ka1 b4 49. Kb1 b3 0-1

[Event "North American-ch U08"]
[Site "Montreal"]
[Date "2010.08.16"]
[Round "2"]
[White "Chen, Kelvin"]
[Black "Su, Michael"]
[Result "0-1"]
[WhiteElo "632"]
[BlackElo "1230"]
[PlyCount "66"]
[EventDate "2010.08.16"]
[EventType "swiss"]
[EventRounds "7"]
[EventCountry "CAN"]
[SourceTitle "EXT 2013"]
[Source "ChessBase"]
[SourceDate "2012.11.22"]
[SourceVersion "1"]
[SourceVersionDate "2012.11.22"]
[SourceQuality "1"]

1. e4 e6 2. Nf3 d5 3. e5 c5 4. Bb5+ Nd7 5. 0-0 a6 6. Ba4 b5 7. Bb3 c4 8. Bxc4 dxc4 9. b3 Nb6 10. bxc4 Nxc4 11. d3 Nxe5 12. Nxe5 Qd4 13. Qf3 Rb8 14. Nxf7 Bb7 15. Qe3 Qxa1 16. Qf4 Rc8 17. Nxh8 Qf6 18. Qxf6 Nxf6 19. Na3 Bxa3 20. Bg5 Ke7 21. Bxf6+ gxf6 22. Rb1 Rxh8 23. c4 b4 24. d4 Rg8 25. g3 h5 26. c5 h4 27. Rb3 hxg3 28. Rxg3 Rxg3+ 29. fxg3 Kd7 30. h4 Bb2 31. h5 Bxd4+ 32. Kf1 Bxc5 33. h6 Be4 0-1